000
00296nam a22001337a 4500
008
170615b xxu||||| |||| 00| 0 eng d
020
_a
9780870031830
041
_a
eng
080
_a
323
100
_a
19
101
_a
SHP
245
_a
MANAGING GLOBAL ISSUES
_c
MATHEWS.J.T
942
_2
udc
_c
BK
999
_c
17612
_d
17612